HERKESE BİRAZ BAHAR GEREK (Record no. 1170234)

MARC details
000 -LEADER
sabit uzunluktaki kontrol alanı 00261nam a2200097Ia 4500
001 - KONTROL NUMARASI
kontrol alanı 1170234
005 - EN SON İŞLEMİN TARİH VE ZAMANI
kontrol alanı 20251202150115.0
008 - SABİT-UZUNLUKTA VERİ ÖĞELERİ--GENEL BİLGİ
sabit uzunluktaki kontrol alanı 250824s9999 xx 000 0 und d
245 #0 - ESER / YAZAR
ESER ADI HERKESE BİRAZ BAHAR GEREK
Yazar Adı AHMET MELİH KARAUĞUZ
260 ## - YAYIN, DAĞITIM, VB.
YAYIN EVİ KETEBE YAYINLARI
Holdings
Düşüm durumu Kayıp durumu Sınıflandırma Kaynağı veya raf şeması Hasar Durumu Ödünç verilmez Ana kütüphane Geçerli Kütüphane Edinilen tarih Toplam ödünç verme sayısı Tam yer numarası Barkod Son görüntüleme tarihi Fiyatın geçerli olmaya başladığı tarih Koha materyal türü
    Dewey Ondalık Sınıflama     SELÇUKLU BELEDİYESİ ORTAOKULU SELÇUKLU BELEDİYESİ ORTAOKULU 24.08.2025   A5 105810716 27.08.2025 27.08.2025 Books